Dexter Shows - Statistics

General Stats
  • This quiz has been taken 94 times
  • The average score is 4 of 5
Answer Stats
Years Show % Correct
2006-2013 Dexter
100%
2021 New Blood
97%
2024 Original Sin
83%
2025 Resurrection
77%
2009-2012 Early Cuts
33%
No matching quizzes found
Score Distribution
Percent of People with Each Score
Percentile by Number Answered
Your Score History
You have not taken this quiz